Cieľ a zmysel inovačných pohybov, aktivít a zmien
Hľadanie zmyslu vynachádzania a tvorenia hodnôt. Stručné dejiny vynálezov a vynálezcov. Tempo civilizačných premien a ich kontrolné mechanizmy. Hodnotový systém vynálezcu resp. zlepšovateľa. Hnacie sily tvorivého človeka. Cesty úspešnosti inovátorov. Prekážky realizácie inovácií v podnikoch. Podporn...
Saved in:
| Main Author: | |
|---|---|
| Format: | Book Chapter |
| Language: | Slovak |
| Subjects: | |
| Tags: |
No Tags, Be the first to tag this record!
|
MARC
| LEADER | 00000naa$a2200000$$$4500 | ||
|---|---|---|---|
| 001 | 0041980 | ||
| 005 | 20231108132020.7 | ||
| 041 | 0 | |a slo | |
| 044 | |a SK | ||
| 245 | 1 | 0 | |a Cieľ a zmysel inovačných pohybov, aktivít a zmien |c Miroslav Tuma |
| 520 | |a Hľadanie zmyslu vynachádzania a tvorenia hodnôt. Stručné dejiny vynálezov a vynálezcov. Tempo civilizačných premien a ich kontrolné mechanizmy. Hodnotový systém vynálezcu resp. zlepšovateľa. Hnacie sily tvorivého človeka. Cesty úspešnosti inovátorov. Prekážky realizácie inovácií v podnikoch. Podporné činnosti rozvoja inovácií. | ||
| 610 | 2 | 0 | |a vynálezcovia |
| 610 | 2 | 0 | |a vynálezy |
| 610 | 2 | 0 | |a inovácia |
| 610 | 2 | 0 | |a podnik |
| 610 | 2 | 0 | |a história |
| 610 | 2 | 0 | |a civilizácia |
| 610 | 2 | 0 | |a veda |
| 610 | 2 | 0 | |a technika |
| 610 | 2 | 0 | |a zmeny technologické |
| 100 | 1 | |a Tuma, Miroslav | |